Statistics for Capital Cities of the "Land" Countries

Click here to take the quiz!

General Stats

  • This quiz has been taken 19,666 times
  • The average score is 6 of 7

Answer Stats

HintCountryAnswer% Correct
EuropeFinlandHelsinki
89%
EuropeIrelandDublin
87%
EuropeIcelandReykjavík
86%
EuropePolandWarsaw
85%
OceaniaNew ZealandWellington
85%
EuropeSwitzerlandBern
79%
AsiaThailandBangkok
76%

Score Distribution

Percentile by Number Answered

Percent of People with Each Score

Your Score History

You have not taken this quiz